<?xml version="1.0" encoding="UTF-8"?><?xml-stylesheet type="text/xsl" href="static/style.xsl"?><OAI-PMH xmlns="http://www.openarchives.org/OAI/2.0/" xmlns:xsi="http://www.w3.org/2001/XMLSchema-instance" xsi:schemaLocation="http://www.openarchives.org/OAI/2.0/ http://www.openarchives.org/OAI/2.0/OAI-PMH.xsd"><responseDate>2026-04-27T19:44:24Z</responseDate><request verb="GetRecord" identifier="oai:uvadoc.uva.es:10324/48099" metadataPrefix="marc">https://uvadoc.uva.es/oai/request</request><GetRecord><record><header><identifier>oai:uvadoc.uva.es:10324/48099</identifier><datestamp>2021-09-06T06:55:57Z</datestamp><setSpec>com_10324_38</setSpec><setSpec>col_10324_852</setSpec></header><metadata><record xmlns="http://www.loc.gov/MARC21/slim" xmlns:doc="http://www.lyncode.com/xoai" xmlns:xsi="http://www.w3.org/2001/XMLSchema-instance" xmlns:dcterms="http://purl.org/dc/terms/" xsi:schemaLocation="http://www.loc.gov/MARC21/slim http://www.loc.gov/standards/marcxml/schema/MARC21slim.xsd">
<leader>00925njm 22002777a 4500</leader>
<datafield tag="042" ind1=" " ind2=" ">
<subfield code="a">dc</subfield>
</datafield>
<datafield tag="720" ind1=" " ind2=" ">
<subfield code="a">Arcos Díez, Juan</subfield>
<subfield code="e">author</subfield>
</datafield>
<datafield tag="260" ind1=" " ind2=" ">
<subfield code="c">2021</subfield>
</datafield>
<datafield tag="520" ind1=" " ind2=" ">
<subfield code="a">La red social Tiktok es una de las que más crecimiento está registrando en el último año, con gran capacidad de viralización y entretenimiento. Es por ello que también se trata de un soporte publicitario de interés para las marcas y que, en España, goza de poca saturación publicitaria. Pero para construir un buen mensaje hay que conocer a fondo al público. Este trabajo pretende servir de guía de conocimiento de los usuarios de Tiktok a las marcas para generar mensajes publicitarios más eficaces, centrándonos especialmente en el comportamiento de consumo y personalidad de estos usuarios para conocerlos mejor.</subfield>
</datafield>
<datafield tag="024" ind2=" " ind1="8">
<subfield code="a">https://uvadoc.uva.es/handle/10324/48099</subfield>
</datafield>
<datafield tag="245" ind1="0" ind2="0">
<subfield code="a">Caso de estudio: entender al usuario de Tiktok: personalidad y comportamiento de consumo</subfield>
</datafield>
</record></metadata></record></GetRecord></OAI-PMH>